|
|
|
|
| LEADER |
00000nbm0a2200000 4500 |
| 001 |
241163 |
| 005 |
20231101231809.0 |
| 035 |
|
|
|a (RuTPU)RU\TPU\book\262429
|
| 035 |
|
|
|a RU\TPU\book\262427
|
| 090 |
|
|
|a 241163
|
| 100 |
|
|
|a 20130703j20130625k y0rusy50 ca
|
| 101 |
0 |
|
|a rus
|
| 102 |
|
|
|a RU
|
| 105 |
|
|
|a a m 001zy
|
| 200 |
1 |
|
|a Интенсификация десорбции диоксида углерода из водных растворов на высокоэффективной регулярной насадке
|e диссертация на соискание ученой степени кандидата технических наук
|e спец. 05.17.08
|f С. О. Рыжов
|g Ангарская государственная техническая академия (АГТА) ; науч. рук. А. В. Бальчугов
|
| 210 |
|
|
|a Ангарск
|d 2013
|
| 215 |
|
|
|a 128 л.
|c ил.
|
| 300 |
|
|
|a Защита сост. 25.06.2013 г.
|
| 320 |
|
|
|a Библиогр.: с. 81-91 (110 назв.).
|
| 320 |
|
|
|a Условные обозначения: с. 4-7.
|
| 606 |
1 |
|
|a Колонны насадочные
|x Распределительные устройства
|2 stltpush
|3 (RuTPU)RU\TPU\subj\31733
|9 54508
|
| 610 |
1 |
|
|a насадочные аппараты
|
| 610 |
1 |
|
|a гидродинамика
|
| 610 |
1 |
|
|a массообмен
|
| 610 |
1 |
|
|a регулярные насадки
|
| 610 |
1 |
|
|a цепи
|
| 610 |
1 |
|
|a десорберы
|
| 610 |
1 |
|
|a диоксид углерода
|
| 610 |
1 |
|
|a десорбция
|
| 610 |
1 |
|
|a водные растворы
|
| 610 |
1 |
|
|a интенсификация
|
| 610 |
1 |
|
|a диссертации
|
| 675 |
|
|
|a 66.074.5(04)
|v 3
|
| 686 |
|
|
|a 05.17.08
|2 oksvnk
|
| 700 |
|
1 |
|a Рыжов
|b С. О.
|g Станислав Олегович
|
| 702 |
|
1 |
|a Бальчугов
|b А. В.
|g Алексей Валерьевич
|4 727
|
| 712 |
0 |
2 |
|a Ангарская государственная техническая академия (АГТА)
|2 stltpush
|3 (RuTPU)RU\TPU\col\1862
|
| 801 |
|
1 |
|a RU
|b 63413507
|c 20130703
|
| 801 |
|
2 |
|a RU
|b 63413507
|c 20130903
|g RCR
|
| 942 |
|
|
|c BK
|